Taussig Rezső
Elmentve itt :
| Dokumentumtípus: | Cikk |
|---|---|
| Megjelent: |
1926-09-04
|
| Sorozat: | Délmagyarország
2 No. 204 |
| Kulcsszavak: | Taussig Rezső, Gyászjelentés |
| Online Access: | http://dmarchiv.bibl.u-szeged.hu/37777 |
| LEADER | 00400nab a2200145 i 4500 | ||
|---|---|---|---|
| 001 | delm37777 | ||
| 005 | 20180927112924.0 | ||
| 008 | 180927s1926 hu o 0|| hun d | ||
| 040 | |a SZTE Délmagyarország Archívum |b hun | ||
| 041 | |a hun | ||
| 245 | 0 | 0 | |a Taussig Rezső |h [elektronikus dokumentum] |
| 260 | |c 1926-09-04 | ||
| 300 | |a 9 | ||
| 490 | 0 | |a Délmagyarország |v 2 No. 204 | |
| 695 | |a Taussig Rezső, Gyászjelentés | ||